Dzieła wybrane

Titel: Dzieła wybrane / pod red. Krzysztofa Polechońskiego
Teil: 5. Pisma polityczne : "Pod znakiem faszyzmu" oraz szkice rozproszone 1921 - 1955 / Ferdynand Goetel
Verfasser:
Ausgabe: Wyd. 1
Veröffentlicht: 2006
Umfang: 405 S.
Format: Buch
Sprache: Polnisch
Schriftenreihe/
mehrbändiges Werk:
Dzieła wybrane / pod red. Krzysztofa Polechońskiego ; 5
alle Bände anzeigen
ISBN: 8389243539
Buchumschlag
X
Lokale Klassifikation: 32 7 Ua ; 2 G 1299
alg: 28023768
001A    $03004:11-11-11 
001B    $01999:09-06-23 $t19:36:47.000 
001C    $03004:13-04-12 $t07:20:16.000 
001D    $03004:28-02-12 
001U    $0utf8 
001X    $00 
002@    $0Afu 
003@    $0280237685 
004A    $083-89243-53-9 
007A    $0BV021701475 $aBVB 
007G    $0DE0202CCF1FA981BCEAE4C12579E40032AFC6 
007T    $0Herdhh219699267+05=T. 5 
009P    $qapplication/pdf $A2 $3Inhaltsverzeichnis $uhttp://scans.hebis.de/HEBCGI/show.pl?28023768_toc.pdf $mV:DE-603;B:DE-Mb50 
010@    $apol 
011@    $a2006 
021A    $aPisma polityczne $d"Pod znakiem faszyzmu" oraz szkice rozproszone 1921 - 1955 $hFerdynand Goetel 
028A    $#Goetel, Ferdinand $712940022X $8Goetel, Ferdynand$Z1890-1960 [Tp1] $9123745608 
032@    $aWyd. 1 
034D    $a405 S. 
036C    $aDzieła wybrane $x15 $hpod red. Krzysztofa Polechońskiego $l5 
036D    $x15 $8Dzieła wybrane / pod red. Krzysztofa Polechońskiego ... $9219699267 
045F    $a909 $eDDC23BSB 
045F/01 $a909 
045F/03 $g438 

lok: 28023768 24
101B    $013-04-12 $t07:20:16.000 
101C    $028-02-12 
101U    $0utf8 
145Z/01 $a32 7 Ua 
145Z/02 $a2 G 1299 

exp: 28023768 24 1 #EPN
201B/01 $013-04-12 $t07:20:16.000 
201C/01 $011-11-11 
201U/01 $0utf8 
203@/01 $0633227684 
208@/01 $a13-04-12 $bz 
209A/01 $a12.00992 $du $f050 $h12 00992 $x00 
209C/01 $a12.00992 K  $h12 00992 K 
209G/01 $a72922000 $x00 
220C/01 $aurb/nie 
244Z/01 $#Goetel, Ferdinand $712940022X $8--Tp1--Goetel, Ferdynand$Z1890-1960 $x01 $9123745608 
247C/01 $8358050-7 Marburg, Bibliothek des Herder-Instituts Marburg $9102600961 

lok: 28023768 66

exp: 28023768 66 1 #EPN
201B/01 $021-11-13 $t13:49:15.000 
201C/01 $021-11-13 
201U/01 $0utf8 
203@/01 $0723501807 
208@/01 $a21-11-13 $bz 
209A/01 $aD 3 Goe/D-5 $du $f000 $x00 
209C/01 $a08/e551IZ 
247C/01 $8618123-5 Darmstadt, Bibliothek des Deutschen Polen-Instituts $9102600902 

lok: 28023768 78

exp: 28023768 78 1 #EPN
201B/01 $019-04-17 $t16:13:55.000 
201U/01 $0utf8 
203@/01 $0792647807 
208@/01 $a12-11-16 $be 
209A/01 $a/ $f000 $x00 
220C/01 $aAnmerkung: *NG 
237A/01 $aweiterführende Signatur(en):  Herder-Institut: 12.00992 
244Z/01 $2Trx $#Poola $#Lenkija $#Polija $#Polen Land $#Poland $#Lengyelország $#Poľsko $#Polsko $8--Trx--Polska$gkraj $x01 $9391345966 
244Z/01 $aGeschichte 1921-1955 $x02 
244Z/01 $2Trx $#fašism $#fašizmas $#fascism $#fasizmus $#faszyzm $#fašizmus $#fašismus $8--Trx--Faschismus $x03 $9391367218 
244Z/01 $2Trx $8--Trx--Monographie $x04 $9391384546 
247C/01 $82080>Marburg/Lahn, Herder-Institut, Forschungsbibliothek, Bibliographieportal $9336309341
LEADER 00000cam a2200000 cc4500
001 280237685
003 DE-603
005 20230609193647.0
007 tu
008 111111s2006 xx |||| | u00||u|pol c
020 |a 8389243539 
035 |a (DE-599)BVBBV021701475 
040 |a DE-603  |b ger  |c DE-603  |d DE-603 
041 |a pol 
082 0 4 |8 1\u  |a 909  |q DE-101  |2 23/BSB 
085 |8 1\u  |b 909 
085 |8 1\u  |z 2  |s 438 
100 1 |a Goetel, Ferdynand  |d 1890-1960  |0 (DE-603)123745608  |0 (DE-588)12940022X  |2 gnd 
245 0 0 |a Dzieła wybrane  |n 5  |p Pisma polityczne : "Pod znakiem faszyzmu" oraz szkice rozproszone 1921 - 1955 / Ferdynand Goetel  |c pod red. Krzysztofa Polechońskiego 
250 |a Wyd. 1 
264 0 |c 2006 
300 |a 405 S. 
773 0 8 |q 15  |w (DE-603)219699267 
856 4 2 |m V:DE-603;B:DE-Mb50  |q application/pdf  |u http://scans.hebis.de/HEBCGI/show.pl?28023768_toc.pdf  |3 Inhaltsverzeichnis 
924 0 |9 Mb 50  |a (DE-603)633227684  |b DE-Mb50  |c HES  |d c  |g 12.00992 
924 0 |9 Ds 123  |a (DE-603)723501807  |b DE-Ds123  |c HES  |d d  |g D 3 Goe/D-5 
924 0 |9 2080  |a (DE-603)792647807  |b DE-2080  |c HES  |d d  |g /